UBT Library

SPANISH AND THE MEDICAL INTERVIEW (Record no. 4083)

000 -LEADER
fixed length control field 00299nam a22001337a 4500
008 - FIXED-LENGTH DATA ELEMENTS--GENERAL INFORMATION
fixed length control field 170131b xxu||||| |||| 00| 0 eng d
020 ## - INTERNATIONAL STANDARD BOOK NUMBER
International Standard Book Number 9781416036494
041 ## - LANGUAGE CODE
Language code of text/sound track or separate title eng
080 ## - UNIVERSAL DECIMAL CLASSIFICATION NUMBER
Universal Decimal Classification number 61
100 ## - Rafti
Rafti 3
101 ## - Shkurtesa
Shkurtesa SHMI
245 ## - TITLE STATEMENT
Title SPANISH AND THE MEDICAL INTERVIEW
Statement of responsibility, etc ORTEGA, P
942 ## - ADDED ENTRY ELEMENTS (KOHA)
Source of classification or shelving scheme
Item type Books
Holdings
Withdrawn status Lost status Source of classification or shelving scheme Damaged status Not for loan Collection code Permanent location Current location Shelving location Date acquired Total Checkouts Full call number Barcode Date last seen Price effective from Koha item type
          Koleksioni i përgjithshem UBT - Lipjan UBT - Lipjan Koleksioni i përgjithshem 01/31/2017   61 ORT 002-030903 01/31/2017 01/31/2017 Books
UBT Library © 2015-2024. All rights reserved University Education for Business and Technology